000 00331nam a2200133Ia 4500
008 240624s9999 xx 000 0 und d
041 _aeng
082 _a658 KHA
100 _aKHADPEKAR NIRMALA RAO
245 _aDESIGN BUSINESS
260 _c2006
_aHyderabad
_bICFAI press
300 _axii, : 252 : p. : cm. ; 23
365 _cRS
_b50
999 _c6444
_d6444